Milady in love
| Main Author: | |
|---|---|
| Format: | Book |
| Published: |
London :
Severn House Publishers ,
1989
|
| Subjects: |
MARC
| LEADER | 00000cam a2200000 7i4500 | ||
|---|---|---|---|
| 001 | 0000003913 | ||
| 002 | 000004214 | ||
| 005 | 20000330.0 | ||
| 020 | |a 0727815830 | ||
| 090 | 0 | 0 | |a F |b CHE |
| 100 | 1 | |a Chesney, Marian | |
| 245 | 1 | 0 | |a Milady in love |c Marian Chesney |
| 260 | |a London : |b Severn House Publishers , |c 1989 | ||
| 300 | |a 153p. ; |c 20cm. | ||
| 650 | 0 | 0 | |a Romance fiction |
| 999 | |a 030502 |b BUKU |c PINJAMAN |e PERPUSTAKAAN KOMUNITI PETALING JAYA | ||
| 999 | |a 030503 |b BUKU |c PINJAMAN |e PERPUSTAKAAN KOMUNITI PETALING JAYA | ||